Central Library OPAC University of Rajshahi

Public administration / (Record no. 62752)

MARC details
000 -LEADER
fixed length control field 00613nam a2200229 a 4500
001 - CONTROL NUMBER
control field 62752
003 - CONTROL NUMBER IDENTIFIER
rucl marc code BD-RjUL
005 - DATE AND TIME OF LATEST TRANSACTION
control field 20240922110928.0
008 - FIXED-LENGTH DATA ELEMENTS--GENERAL INFORMATION
fixed length control field 170125s2000 nyu 001 0 eng
020 ## - INTERNATIONAL STANDARD BOOK NUMBER
International Standard Book Number 8171569331
035 ## - SYSTEM CONTROL NUMBER
System control number (BD-RjUL)62752
040 ## - CATALOGING SOURCE
Original cataloging agency DLC
Transcribing agency DLC
Modifying agency BD-RjUL
Language of cataloging eng
041 ## - LANGUAGE CODE
Language code of text/sound track or separate title eng
082 00 - DEWEY DECIMAL CLASSIFICATION NUMBER
Classification number 350
Edition number 23
Author mark and year JAP 2000
100 ## - MAIN ENTRY--PERSONAL NAME
Personal name Jayapalan, N.
9 (RLIN) 171885
245 10 - TITLE STATEMENT
Title Public administration /
Statement of responsibility, etc. N. Jayapalan
260 ## - PUBLICATION, DISTRIBUTION, ETC. (IMPRINT)
Place of publication, distribution, etc. New York :
Name of publisher, distributor, etc. Atlantic publishers,
Date of publication, distribution, etc. c2000
300 ## - PHYSICAL DESCRIPTION
Pagination 280 p. ;
Size 24 cm.
500 ## - GENERAL NOTE
General note Includes indexes.
650 #0 - SUBJECT ADDED ENTRY--TOPICAL TERM
Topical term or geographic name as entry element Public administration.
9 (RLIN) 174881
942 ## - ADDED ENTRY ELEMENTS (KOHA)
Source of classification or shelving scheme Dewey Decimal Classification
Koha item type Books
Holdings
Lost status Source of classification or shelving scheme Damaged status Not for loan Collection code Permanent Location Current Location Shelving location Date acquired Source of acquisition Cost, normal purchase price Total Checkouts Full call number Date last seen Copy number Koha item type
  Dewey Decimal Classification   Not For Loan Non-fiction Central Library, University of Rajshahi Central Library, University of Rajshahi Reading Room 17/05/2006 C-1 495.00   350 JAP 2000 25/01/2017 C-1 Books